| 000 | 00507nam a2200169 4500 | ||
|---|---|---|---|
| 001 | 136468 | ||
| 003 | ES-MaACL | ||
| 005 | 20230906195136.0 | ||
| 007 | t| | ||
| 008 | 070214s1969 sp r ||||1| spa d | ||
| 100 | 1 |
_aSaegesser, Max. _9101290 |
|
| 245 | 1 | 3 |
_aLa úlcera péptica / _cMax Saegesser ; versión de F. Ruiz Ayuso. |
| 260 |
_aBarcelona : _bCientífico Médica, _c1969. |
||
| 300 |
_aVIII, 171 p. : _bil. ; _c24 cm. |
||
| 700 | 1 |
_aRuiz Ayuso, F. _9100666 |
|
| 852 |
_aES-MaACL _jC-38000 _bR.70715 |
||
| 999 |
_c136468 _d136468 |
||